000 00602nam a22002177a 4500
003 UA-OsUOA
001 74276
007 ta
008 20110331b un ||||| |||| 00| 0 ukr d
100 _aЦепа О.
090 _a82
_bЦ40
942 _cSA
040 _aUA-OsUOA
_bukr
_cUA-OsUOA
_dUA-OsUOA
245 _aАвторське самоочікування в поезії Тараса Шевченка 1837-1847 років
300 _aС.13-17
955 _a0
041 _aukr
080 _a82
773 0 _w74273
650 7 _a82 Література. Літературознавство
_2UDC
999 _c360569
_d360569